| 000 | 00630nac a22002171u 4500 | ||
|---|---|---|---|
| 003 | EG-ScBUE | ||
| 005 | 20221030105158.0 | ||
| 008 | 221030s2004 ko a f 000 0 eng d | ||
| 020 | _a8957700722 | ||
| 020 | _a895770017X | ||
| 040 |
_aEG-ScBUE _beng _erda _cEG-ScBUE _dEG-ScBUE |
||
| 082 | 0 | 4 |
_a720.5 _222 _bPRO |
| 245 | 0 | 0 |
_aPro Architect. _n36, _pHascher Jehle Architektur. |
| 246 | 3 | 0 | _aHascher Jehle Architektur |
| 264 | 1 |
_aSeoul, South Korea : _bArchiworld, _c2004. |
|
| 300 |
_a222 pages : _bcolor illustrations ; _c30 cm |
||
| 650 | 7 |
_aArchitecture. _2BUEsh |
|
| 653 | _bENGARC | ||
| 655 | _vReading book | ||
| 942 |
_cBB _2ddc |
||
| 999 |
_c3538 _d3538 |
||